[Event "Robecchetto op-B 24th"]
[Site "Robecchetto"]
[Date "2013.12.28"]
[Round "3"]
[White "Guerini, Sara"]
[Black "Caldarola, Stefano"]
[Result "1/2-1/2"]
[WhiteElo "1754"]
[BlackElo "1861"]
[PlyCount "110"]
[EventDate "2013.12.27"]
[EventType "swiss"]
[EventRounds "6"]
[EventCountry "ITA"]
[SourceTitle "EXT 2015"]
[Source "ChessBase"]
[SourceDate "2014.11.20"]
[SourceVersion "1"]
[SourceVersionDate "2014.11.20"]
[SourceQuality "1"]

1. e4 d5 2. exd5 Qxd5 3. Nc3 Qd6 4. d4 Nf6 5. Nf3 c6 6. g3 Bg4 7. Bg2 e6 8. 0-0 Be7 9. Re1 0-0 10. Bf4 Qd8 11. Qd2 h6 12. h3 Bf5 13. Rad1 Na6 14. Ne5 Nd5 15. Nxd5 cxd5 16. c3 Rc8 17. g4 Bh7 18. Bg3 b5 19. Bf1 Nb8 20. Bxb5 Qa5 21. Bf1 Nc6 22. Ra1 Bg5 23. f4 Nxe5 24. Rxe5 Be7 25. h4 Bd6 26. Ree1 Qc7 27. Be2 Be4 28. Rf1 g5 29. h5 f5 30. Rf2 Rf7 31. Raf1 Rcf8 32. Bh2 Rg7 33. Bf3 Bxf3 34. Rxf3 fxg4 35. R3f2 Qf7 36. fxg5 Bxh2+ 37. Kxh2 Qxh5+ 38. Kg1 Rxf2 39. Qxf2 Rf7 40. Qxf7+ Qxf7 41. Rxf7 Kxf7 42. gxh6 Kg6 43. b4 Kxh6 44. a4 Kg6 45. b5 Kf7 46. Kf2 Ke7 47. Kg3 Kd6 48. Kxg4 e5 49. dxe5+ Kxe5 50. a5 Kd6 51. b6 axb6 52. axb6 Kc6 53. Kf5 Kxb6 54. Ke5 Kc5 55. Ke6 Kc4 1/2-1/2

[Event "Porto San Giorgio op 23rd"]
[Site "Porto San Giorgio"]
[Date "2011.08.23"]
[Round "3"]
[White "Pepe, Mario"]
[Black "Caldarola, Stefano"]
[Result "1/2-1/2"]
[WhiteElo "1999"]
[BlackElo "1809"]
[PlyCount "90"]
[EventDate "2011.08.21"]
[EventType "swiss"]
[EventRounds "9"]
[EventCountry "ITA"]
[SourceTitle "CBM 144 Extra"]
[Source "ChessBase"]
[SourceDate "2011.10.28"]
[SourceVersion "1"]
[SourceVersionDate "2011.10.28"]
[SourceQuality "1"]

1. e4 d5 2. exd5 Qxd5 3. Nf3 Nf6 4. Nc3 Qd6 5. d4 c6 6. Ne5 Nbd7 7. Nc4 Qc7 8. Bd3 Nb6 9. Ne3 g6 10. b3 Bg7 11. Bb2 Be6 12. 0-0 Nh5 13. Ne2 Nf4 14. Nxf4 Qxf4 15. g3 Qd6 16. Be4 Bh3 17. Re1 0-0 18. c4 Qc7 19. Qe2 e6 20. Rac1 Qe7 21. c5 Nd5 22. Bxd5 exd5 23. Qf3 Qf6 24. Qxf6 Bxf6 25. b4 a6 26. a4 h5 27. Rb1 Rfe8 28. Bc3 Kf8 29. b5 axb5 30. axb5 Rab8 31. Red1 Bg5 32. bxc6 bxc6 33. Rb6 Rbc8 34. Nc2 Bd8 35. Ra6 Bg4 36. Rda1 Be2 37. Ra7 Bf6 38. Nb4 Rc7 39. Ra8 Rcc8 40. R8a7 Re7 41. Ra8 Ree8 42. Rxc8 Rxc8 43. Ra7 Bb5 44. Rb7 Ba4 45. Kg2 Re8 1/2-1/2

[Event "FRA-ch op-D"]
[Site "Caen"]
[Date "2011.08.18"]
[Round "3"]
[White "Caldarola, Stefano"]
[Black "Wild, Christophe"]
[Result "1-0"]
[WhiteElo "1499"]
[BlackElo "1460"]
[PlyCount "46"]
[EventDate "2011.08.16"]
[EventType "swiss"]
[EventRounds "9"]
[EventCountry "FRA"]
[SourceTitle "EXT 2012"]
[Source "ChessBase"]
[SourceDate "2011.11.24"]
[SourceVersion "1"]
[SourceVersionDate "2011.11.24"]
[SourceQuality "1"]

1. d4 d5 2. c4 c6 3. Nc3 Nf6 4. Nf3 e6 5. e3 Be7 6. Bd3 0-0 7. 0-0 dxc4 8. Bxc4 Nbd7 9. a4 Nb6 10. Bd3 Nbd5 11. a5 Bb4 12. Bd2 Nxc3 13. Bxc3 Bxc3 14. bxc3 Qc7 15. Qe2 Nd7 16. Ng5 Nf6 17. f4 h6 18. Nf3 Bd7 19. Ne5 a6 20. g4 Nd5 21. Bc2 Nxc3 22. Qd3 f5 23. Qxc3 fxg4 1-0

[Event "FRA-ch op-D"]
[Site "Caen"]
[Date "2011.08.16"]
[Round "1"]
[White "Caldarola, Stefano"]
[Black "Alinc, Deborah"]
[Result "1-0"]
[WhiteElo "1499"]
[BlackElo "1380"]
[PlyCount "57"]
[EventDate "2011.08.16"]
[EventType "swiss"]
[EventRounds "9"]
[EventCountry "FRA"]
[SourceTitle "EXT 2012"]
[Source "ChessBase"]
[SourceDate "2011.11.24"]
[SourceVersion "1"]
[SourceVersionDate "2011.11.24"]
[SourceQuality "1"]

1. d4 e5 2. dxe5 Nc6 3. Nf3 Qe7 4. g3 Qb4+ 5. Nbd2 Bc5 6. Bg2 b6 7. 0-0 Bb7 8. c3 Qb5 9. a4 Qa6 10. b4 Be7 11. b5 Qa5 12. Qc2 Nb4 13. cxb4 Bxb4 14. Nb3 c6 15. Nxa5 Bxa5 16. Nd4 c5 17. Bxb7 Rb8 18. Nf5 Rxb7 19. Nd6+ Kd8 20. Nxb7+ Ke8 21. Nxa5 bxa5 22. Qxc5 Ne7 23. Ba3 Kd8 24. Qxe7+ Kc8 25. Rac1+ Kb8 26. Qd6+ Ka8 27. Rc7 a6 28. Qd5+ Kb8 29. Qb7# 1-0